El hombre que murió

Gorde:
Xehetasun bibliografikoak
Egile nagusia: Lawrence, David Herbert (Egilea)
Formatua: Liburua
Hizkuntza:gaztelania
Argitaratua: Buenos Aires Losada 1944
Edizioa:1a. ed
Saila:La Pajarita de Papel, 14
Gaiak:
Etiketak: Etiketa erantsi
Etiketarik gabe, Izan zaitez lehena erregistro honi etiketa jartzen!

MARC

LEADER 00000nam a2200000 a 4500
001 UCH0353
003 CL-VaPUC
008 090306e19440000AG |||||||||||||||||spa|d
082 0 4 |a 823  |b LAW  |2 21 
100 |a Lawrence, David Herbert  |e author  |9 303256 
245 1 3 |a El hombre que murió 
250 |a 1a. ed 
300 |a 167 p 
942 |c BK 
945 |d 20090306 00:00:00  |a cmena 
260 |a Buenos Aires  |b Losada  |c 1944 
650 0 |a Literatura inglesa  |9 312907 
650 0 |a Novelas inglesas  |9 265220 
583 |a last modification  |c 20130105 12:47:05  |k Rodrigo Vera 
490 0 |a La Pajarita de Papel, 14 
999 |c 332684  |d 332682 
952 |0 0  |1 0  |4 0  |6 823_000000000000000_LAW_1944  |7 0  |8 A  |9 420549  |a BIBEDU  |b BIBEDU  |d 2019-11-22  |i 4519221  |o 823 LAW 1944  |p 4519221  |r 2019-11-22  |w 2019-11-22  |y BK  |k LIT